LEADER 01201nam a2200289 i 4500 001 000000220433 003 CaOOAMICUS 005 20210201150705.0 008 130516s2001 it u000 u ita u 013 $a199330 020 $a88-10-51005-4 040 $aSeMil$bita 240 13$aLe goût du bonheur.$0(OLS)http://semarc/title/316146 245 13$aIl sapore della felicità :$balle basi della morale con Aristotele /$cJean Vanier. 260 $aBologna :$bEDB,$cstampa 2002. 300 $a189 p. ;$c21 cm. 490 0 $aI libri dell'arca 650 4$aAristotele <384-322 a.C.> - Etica e morale.$0(OLS)http://semarc/subject/10463 650 4$aEtica e morale.$0(OLS)http://semarc/subject/612 830 2$aI libri dell'arca.$0(OLS)http://semarc/title/23345 850 $aSeMil 852 $aSeMil$W1$xVenegono$y1$m3F IV 353$j170788$B170788$CSeMilBibl$Z2$F182061 $81 961 $aOmaggio: Conti don Ermenegildo 996 $6020$a88-10-51005-4$9(OLS)http://semarc/number/218986 996 $6245$aIl sapore della felicità :$balle basi della morale con Aristotele$9(OLS)http://semarc/title/316145 996 $6260$aBologna :$bEDB$9(OLS)http://semarc/publisher/29669 LEADER 01069nam a2200241 i 4500 001 000000188311 003 CaOOAMICUS 005 20250224161940.0 008 100409s1931 gw u000 u ger u 013 $a166489 040 $aSeMil$bita 100 1 $aSchmidt, Wilhelm,$c.$0(OLS)http://semarc/name/248 245 14$aDie Religionen der Urvölker Asiens und Australiens /$cvon Wilhelm Schmidt. 260 $aMünster :$bAschendorff,$c1931. 300 $aXLVII, 1155 p. ;$c25 cm. 650 4$aReligione - Australia.$0(OLS)http://semarc/subject/20805 650 4$aAsia - Religioni.$0(OLS)http://semarc/subject/35425 773 0 $aSchmidt, Wilhelm $tReligionen der Urvölker.$dMünster : Aschendorff, 1929-1935.$g2$w()10214 850 $aSeMil 852 $aSeMil$W1$xVenegono$y1$m2X IV 3$j138969$B138969$CSeMilBibl$Z2$F150550 $81 996 $6245$aDie Religionen der Urvölker Asiens und Australiens$9(OLS)http://semarc/title/270978 996 $6260$aMünster :$bAschendorff$9(OLS)http://semarc/publisher/29674